000 00234nam a2200097Ia 4500
008 191206s9999 xx 000 0 und d
020 _a435913328
090 _aPR9272G32
245 0 _aCRITICAL PERSPECTIVE ON V.S NAIPAUL
260 _cc1979
999 _c15756
_d15756